The Jekyll and Hyde syndrome : What to do if someone in your life has a dual personality? or if you do

Beverly Engel brings her expertise to this important examination of the Jekyll and Hyde Syndrome—the first book to address this abusive syndrome. She discusses the origins of the disorder, names its seven major manifestations, explains how to identify Jekyll and Hyde behavior in other people and in...

Szczegółowa specyfikacja

Zapisane w:
Opis bibliograficzny
1. autor: Engel, Beverly
Format: Książka
Język:Undetermined
Wydane: Hoboken, N.J. John Wiley 2007
Hasła przedmiotowe:
Etykiety: Dodaj etykietę
Nie ma etykietki, Dołącz pierwszą etykiete!
Thư viện lưu trữ: Trung tâm Học liệu Trường Đại học Cần Thơ
LEADER 01221nam a2200229Ia 4500
001 CTU_163607
008 210402s9999 xx 000 0 und d
020 |c 16.57 
082 |a 616.85 
082 |b E.57 
100 |a Engel, Beverly 
245 4 |a The Jekyll and Hyde syndrome : 
245 0 |b What to do if someone in your life has a dual personality? or if you do 
245 0 |c Beverly Engel 
260 |a Hoboken, N.J. 
260 |b John Wiley 
260 |c 2007 
520 |a Beverly Engel brings her expertise to this important examination of the Jekyll and Hyde Syndrome—the first book to address this abusive syndrome. She discusses the origins of the disorder, names its seven major manifestations, explains how to identify Jekyll and Hyde behavior in other people and in oneself, and outlines clear steps for how to heal Jekyll and Hyde tendencies for good. 
650 |a Multiple personality,Personality disorders,Self-help, Health,Đa nhân cách,Rối loạn nhân cách,Giúp đỡ, Y tế 
650 |x Popular works,Popular works,Các công trình phổ biến,Các công trình phổ biến 
904 |i Qhieu 
980 |a Trung tâm Học liệu Trường Đại học Cần Thơ